000 00581nam a2200193Ii 4500
003 JO-AjNU
008 230606s9999||||xx |||||||||||||| ||und||
040 _aJO-AjNU
_beng
_erda
_cJO-AjNU
041 _aeng
050 1 4 _aTD313.J6.H3422.2006
100 3 _ahajaya, abed taleb al zahiri,
_eauthor
_93701
245 0 0 _aWasterwater plants in jordan and The Enviormental problems
264 3 1 _aAmman:anan book,2006
300 _a166p
336 _atext
_btxt
_2rdacontent
337 _aunmediated
_bn
_2rdamedia
338 _avolume
_bnc
_2rdacarrier
650 4 _a Enviormental
_93702
999 _aE1930
_c1930
_d1930